Το έργον Ευσεβίου του Παμφίλου : εις τον βίον του Μακαρίου Κωνσταντίνου Βασιλέως

Αποθηκεύτηκε σε:
Λεπτομέρειες βιβλιογραφικής εγγραφής
Κύριος συγγραφέας: Μπόνης, Κωνσταντίνος Γ.
Μορφή: Βιβλίο
Γλώσσα:Greek
Δημοσίευση: Αθήνα : Φοίνικος, 1939.
Θέματα:
Ετικέτες: Προσθήκη ετικέτας
Δεν υπάρχουν, Καταχωρήστε ετικέτα πρώτοι!

MARC

LEADER 00000cam a2200000 i 4500
001 1/1285
008 950707s1939 gr | ||| |||| ||gre||
035 |l 10014385 
040 |a GR-MyUa  |b gre  |e AACR2 
041 0 |a gre 
082 7 |a 270   |2 (22) 
100 1 |a Μπόνης, Κωνσταντίνος Γ. 
245 1 3 |a Το έργον Ευσεβίου του Παμφίλου :   |b εις τον βίον του Μακαρίου Κωνσταντίνου Βασιλέως /   |c Κωνστ. Γ. Μπόνη. 
260 |a Αθήνα :   |b Φοίνικος,   |c 1939. 
300 |a 15 σ. ;   |c 24 εκ. 
600 0 7 |2 nlgaf  |a Ευσέβιος ο Παμφίλου,   |c π. 265-π. 339. 
852 |a INST  |b LESVOS  |e 19950707  |h 270 ΜΠΟ  |p 005100029190  |q 005100029190  |t BK  |y 0 
970 |z 2000/05/ΟΙΚΟΝΟΜΟΠΟΥΛΟΥ ΧΡΙΣΤΙΝΑ